000 00442nam a2200181Ia 4500
001 23947
005 20260414151011.0
008 260414t2008||||xx |||||||||||||| ||spa||
041 _aESP
082 _a724.6
_bM84
100 _aMontaner, Josep Maria
_eAUT
245 0 _aSistemas arquitectónicos contemporáneos
_b
260 _c2008
300 _a223 páginas :
_c24 cm.
650 _aABD
654 _aCAU
942 _cLIB
_dJUS
_fJUS
_2ddc
_n
999 _c23947
_d23947